000 00557nam a2200229Ia 4500
003 OSt
005 20221005123424.0
006 a|||||r|||| 00| 0
007 ta
008 221004b |||||||| |||| 00| 0 kan d
024 _a59200
037 _cTextual
040 _aCRL
_cCRL
_bkan
041 _2kan
_akan
082 _aX:8G, 33L0
100 _aMuniramappa C.M.
_9633647
245 0 _aLekkachara sastra
260 _c1970
650 _aECONOMICS
942 _hX:8G, 33L0
_cTEXL
_2cc
999 _c1047365
_d1047365